|
|
|
|
| LEADER |
00000nas a2200000 a 4500 |
| 001 |
ssj0002552 |
| 003 |
WaSeSS |
| 005 |
20200512172242.0 |
| 006 |
m d |
| 007 |
cr n |
| 008 |
010906c19909999enkbr pss 0 0eng c |
| 010 |
|
|
|a 2001233103
|
| 015 |
|
|
|a GBA602909
|2 bnb
|
| 016 |
7 |
|
|a 1476371-0
|2 DE-600
|
| 016 |
7 |
|
|a 013352067
|2 Uk
|
| 022 |
|
|
|a 1465-3362
|l 0959-5236
|y 0959-5236
|
| 035 |
|
|
|a (WaSeSS)ssj0002552
|
| 040 |
|
|
|a GUA
|b eng
|e pn
|c GUA
|d OCLCQ
|d F#A
|d OCLCQ
|d CDS
|d SERSO
|d GUA
|d FQM
|d GUA
|d PFM
|d DLC
|d WAU
|d OCLCQ
|d UKMGB
|d OCLCQ
|d SHS
|d DEBBG
|d OCLCQ
|d BUF
|d OCLCF
|d OCLCQ
|d NLGGC
|d OCLCO
|d OCLCQ
|d OCLCO
|d OCLCQ
|d WT2
|d OCLCQ
|d U3W
|d OCLCQ
|d LND
|d OCLCO
|d WYU
|d VT2
|d OCLCO
|d OCLCA
|d OCLCQ
|d OCLCO
|d NJT
|d OCLCQ
|d OCLCO
|d OCLCA
|d WaSeSS
|
| 042 |
|
|
|a pcc
|
| 050 |
1 |
4 |
|a RC563
|
| 060 |
|
4 |
|a INTERNET
|
| 130 |
0 |
|
|a Drug and alcohol review (Online)
|
| 210 |
1 |
|
|a Drug alcohol rev.
|b (Online)
|
| 222 |
|
0 |
|a Drug and alcohol review
|b (Online)
|
| 245 |
1 |
0 |
|a Drug and alcohol review
|h [electronic resource].
|
| 246 |
1 |
|
|i EBSCOHost source title:
|a Drug & alcohol review
|
| 260 |
|
|
|a London :
|b Taylor & Francis
|
| 260 |
3 |
|
|3 2009- :
|a [London] :
|b Wiley-Blackwell
|
| 310 |
|
|
|a Bimonthly,
|b 2005-
|
| 321 |
|
|
|a Four no. a year,
|b -2004
|
| 362 |
1 |
|
|a Print began with 1990.
|
| 506 |
|
|
|a License restrictions may limit access.
|
| 525 |
|
|
|a Has special issues.
|
| 538 |
|
|
|a Mode of access: World Wide Web.
|
| 550 |
|
|
|a Journal of the Australasian Professional Society on Alcohol and other Drugs (APSAD).
|
| 588 |
0 |
|
|a Vol. 9, issue 1 (1990); title from contents screen (Informaworld, viewed Mar. 28, 2007).
|
| 588 |
1 |
|
|a Vol. 32, issue 15(Sept. 2013) (Wiley Online LIbrary, viewed Oct. 24, 2013).
|
| 650 |
|
0 |
|a Substance abuse
|v Periodicals.
|
| 650 |
|
0 |
|a Alcoholism
|v Periodicals.
|
| 650 |
|
0 |
|a Drinking of alcoholic beverages
|v Periodicals.
|
| 650 |
|
2 |
|a Substance-Related Disorders.
|
| 650 |
|
2 |
|a Alcohol Drinking.
|
| 650 |
|
2 |
|a Alcoholism
|x prevention & control.
|
| 650 |
|
2 |
|a Societies, Medical.
|
| 650 |
|
7 |
|a Alcoholism.
|2 fast
|0 (OCoLC)fst00804461
|
| 650 |
|
7 |
|a Drinking of alcoholic beverages.
|2 fast
|0 (OCoLC)fst00898212
|
| 650 |
|
7 |
|a Substance abuse.
|2 fast
|0 (OCoLC)fst01136767
|
| 655 |
|
0 |
|a Electronic journals.
|
| 710 |
2 |
|
|a Australasian Professional Society on Alcohol and other Drugs.
|
| 776 |
0 |
8 |
|i Print version:
|t Drug and alcohol review
|x 0959-5236
|w (DLC)sn 90031390
|w (OCoLC)22741790
|
| 780 |
0 |
0 |
|t Australian drug and alcohol review
|w (DLC)sn 87026522
|w (OCoLC)629801234
|
| 856 |
4 |
0 |
|z Full text available from Research Library: 03/01/1998 to 09/30/2000
|u https://search.proquest.com/publication/33024
|